Представление документа в формате RUSMARC

ПолеНазваниеЗначение
  Тип записи a
  Библиографический уровень a
001 Контрольный номер RU/CBS_UL/BASE/ebf37b6da0254b92b1c47e09c0f25f0c
005 Дата корректировки 20250124023506.7
100 Данные общей обработки __
a Данные общей обработки 20240112 ||| 0rusy0189 ca
101 Язык документа 0_
a Язык текста rus
102 Страна публикации __
a Страна публикации RU
200 Заглавие и сведения об ответственности 1_
a Заглавие По прозвищу дед
e Сведения, относящиеся к заглавию [футбольный тренер В. А. Маслов]
f Первые сведения об ответственности Е. Колесников
461 Уровень набора _0
1 2000
a Тайны СССР
463 Уровень физической единицы _0
1 2000
a № 20
v С. 34-35 : фото
1 2101
d 2023
1 001RU/CBS_UL/BASE/d4825b565552470cbfe8f3060943e52d
600 Персоналии _1
a Персоналии (Фамилия) Маслов
b Персоналии (Имя, инициалы) В. А.
606 Тематические рубрики 0_
a Основная рубрика Маслов, Виктор Александрович (1910-1977)
610 Ключевые слова 0_
a Ключевые слова тренеры
610 Ключевые слова 0_
a Ключевые слова футбольные тренеры
610 Ключевые слова 0_
a Ключевые слова тренеры футбольные
610 Ключевые слова 0_
a Ключевые слова футбол
610 Ключевые слова 0_
a Ключевые слова советский футбол
610 Ключевые слова 0_
a Ключевые слова футбол советский
610 Ключевые слова 0_
a Ключевые слова футбол в СССР
686 Индексы других классификаций __
2 Код системы rubbk
a Классификационный индекс 75.578
700 Автор _1
a Фамилия Колесников
b Имя (инициалы) Е.
801 Источник записи _0
a Страна RU
b Организация МБУК ЦБС г. Ульяновска
c Дата составления 20240112
g Правила каталогизации RCR
801 Источник записи _1
a Страна RU
b Организация МБУК ЦБС г. Ульяновска
c Дата составления 20240112
g Правила каталогизации RCR
901 Тип документа __
t Тип документа f
w Контрольный № источника RU/CBS_UL/BASE/d4825b565552470cbfe8f3060943e52d